MDQL
is popping MORE tags! Check the
thread
!
Quizzes
Events
Quiz Creation
Community
Videos
Private Events
Remove Ads
Sign In
Join for FREE
Feedback
Dark Mode
Quiz Categories
Sports
Geography
Music
Movies
Television
Just For Fun
Miscellaneous
History
Literature
Language
Science
Gaming
Entertainment
Religion
Holiday
For Kids
Quiz Lab
Recent
Popular Today
Quiz Kudos Today
Editor Picks
Curator Picks
Quizzes by...
Day
Popularity
Type
Ratings
Length
Year
Community
Subscriptions
Recent Discussions
Orange Saloon
Badges
Playlists
Quests
Create
Leaderboards
Showdown
Live 5
Trivia Bingo
Activity
Puzzle Library
Sporcle Events
Private Events
Virtual Trivia
Globe League
Become a Host
Pub Owners
SporcleCon
Opinionation
Our Games
Videos
Blog
Mobile Apps
Partnerships
Remove Ads and Go Orange
Feedback
Literature
Harry Potter
A Song of Ice and Fire
The Hunger Games
Literary Character
Shakespeare
Book
Author
Novel
Poem
Young Adult
Children's Books
Play
Lord of the Rings
Literature
Harry Potter
A Song of Ice and Fire
The Hunger Games
Literary Character
Shakespeare
Book
Author
Novel
Poem
Young Adult
Children's Books
Play
Lord of the Rings
Random Quiz
Search Sporcle
×
Quiz Lab
Quiz Lab
Literature
Harry Potter
Select answers by clicking on text or image buttons
Select answers by clicking on text or image buttons
Clickable
Best Score? Go Orange.
Deathly Hallows Chapters by First Spoken Line Stats
Can you pick the Deathly Hallows Chapters by their first spoken line?
By
5uspicax
10m
37 Questions
144 Plays
144 Plays
144 Plays
Comments
Comments
Give Quiz Kudos
Give Quiz Kudos
-
- Ratings
hide this ad
Forced Order
Answers have to be entered in order
Answers have to be entered in order
Replay
Link that replays current quiz
Next Quiz
Link to next quiz in quiz playlist
You Got
0%
They Got
Avg Score
71%
Avg Friend Score
Upgrade to see
Score Distribution
Jump to the score distribution portion of the page
Score
0/37
Timer
10:00
0
Plays Today
% Correct
The Dursleys Departing
87.4%
The Muggle-born Registration Commission
86.7%
The Wedding
86%
The Dark Lord Ascending
85.3%
Malfoy Manor
85.3%
Gringotts
85.3%
King's Cross
85.3%
The Lost Diadem
81.8%
The Battle of Hogwarts
81.8%
The Tale of the Three Brothers
79%
Xenophilius Lovegood
76.9%
The Seven Potters
76.2%
The Elder Wand
76.2%
The Missing Mirror
75.5%
The Sacking of Severus Snape
75.5%
The Flaw in the Plan
75.5%
The Ghoul in Pajamas
74.8%
Nineteen Years Later
74.8%
The Wandmaker
74.1%
% Correct
Fallen Warrior
72.7%
The Prince's Tale
72.7%
The Forest Again
71.3%
The Goblin's Revenge
69.9%
The Silver Doe
69.2%
Bathilda's Secret
65.7%
Magic Is Might
64.3%
The Final Hiding Place
63.6%
A Place to Hide
62.9%
The Will of Albus Dumbledore
62.2%
The Bribe
56.6%
Godric's Hollow
56.6%
In Memoriam
55.9%
The Thief
55.9%
Shell Cottage
55.9%
Kreacher's Tale
53.1%
The Life and Lies of Albus Dumbledore
51.7%
The Deathly Hallows
49%
Quiz Playlist
Details
Report
Send in Message
Add To Playlist
Clickable:
Select answers by clicking on text or image buttons
Forced Order:
Answers have to be entered in order
Last Updated: Dec 11, 2018
Quiz Scoreboard
CHALLENGE
Sign Up to Join the Scoreboard
Show All
Scores
Hide
Comments
May contain spoilers
Recently Published
Image Sorting: Flags VI
by Barbecue
Geography
2m
Find the 'City' Movie
by crazypaving
Movies
60s
Colored Red Africa Blitz
by spor1
Geography
45s
More to Explore
Quiz From the Vault
Featured Blog Post
14 Easter Pick-up Lines to Find Eggs With
hide this ad
You Might Also Like...
Tags
Harry Potter Quiz
Today's Top Quizzes in Literature
Browse Literature
hide this ad
Today's Top Quizzes in Harry Potter
Browse Harry Potter
Top Contributed Quizzes in Literature
1
Sneaky Slytherin Logic Puzzle
2
Harry Potter logic puzzle: The Hogwarts Soap Opera
3
Harry Potter Slytherin Logic Puzzle
4
Get The Picture: Black or White Literature
5
ASOIAF Siblings Logic Puzzle
6
'Middle' Earth
7
A Song of Ice and Fire Logic Puzzle
8
Harry Potter Logic Puzzle 1
9
Logic Puzzle: Avoid Dumbledore's Army
10
Mini Trivia Sudoku: A Song of Ice and Fire
Explore More
Trending Topics
NBA
Kpop
Crossword
Anime
Marvel
Disney
Harry Potter
WWE
The Office
Pokémon
Song
NFL
Country
Soccer
Puzzle
hide this ad
More By:
5uspicax
Quiz
Plays
Rating
Category
Featured
Created
Melanie Martinez Songs by Title Drop
11,101
4.91
Music
Sep 13, 2016
AJR songs by title drop
5,257
4.86
Music
Jun 12, 2017
Follow that Lyric: Melanie Martinez
3,787
4.75
Music
Nov 17, 2016
Hamilton Songs by Title Drop
2,355
4.58
Music
Aug 1, 2016
twenty one pilots songs by random lyric
1,374
Music
Aug 14, 2016
Go to Creator's Profile
Score Distribution
Quiz Creator Spotlight
5uspicax
Follow
Send a Message
Quizzes Created
-
Created Quiz Play Count
-
More By This Creator
Popular Quizzes Today
1
Colored Red Africa Blitz
2
Find the US States - No Outlines Minefield
3
Find the 'City' Movie
4
5x2 Blitz: Bands
5
The Countries of the World
6
Find the US States
7
Find the Countries of Europe - No Outlines Minefield
8
US States
More Literature Quizzes
The Fault In Our Stars Typing Challenge
Published
Trending Quizzes
Colored Red Europe Blitz I
Colored Red Europe Blitz II
Colored Red Africa Blitz II
Colored Red Europe Blitz III
Colored Red Africa Blitz III
Recently Updated
How Do You Spell That?
pecheneg
Godzilla Movies
pecheneg
Grab Bag: 4-10 Letters
pecheneg
2024 March Madness Bracket
pecheneg
Famous TV Couples
Peacemaker
Champions League XIs: Real Madrid
pecheneg
Largest US Cities 1790-2010
pecheneg
Rides in Walt Disney World
pecheneg
Most Oscar Losses (Acting)
pecheneg
Beyoncé Albums
pecheneg
Trending Topics
Kpop
Disney
Anime
Marvel
NBA
Crossword
Harry Potter
Soccer
The Office
Country
Pokémon
Song
WWE
Puzzle
NFL
Your Account Isn't Verified!
In order to create a playlist on Sporcle, you need to verify the email address you used during registration. Go to your
Sporcle Settings
to finish the process.
Report this User
Report this user for behavior that violates our
Community Guidelines
.
Details:
Send Report
Go to the Sporcle.com Mobile Site →
Comments